Guess the UFC fighters by their first championship victories - Statistics

General Stats
  • This quiz has been taken 276 times
    103 since last reset
  • The average score is 19 of 22
Answer Stats
Fighters beaten Answer % Correct
Jose Aldo Conor McGregor / Max Holloway / Petr Yan
99%
Alexander Volkanovski Ilia Topuria
97%
Maurício Rua Jon Jones
97%
Israel Adesanya Alex Pereira / Sean Strickland
96%
Robert Whittaker Israel Adesanya
93%
Sean O'Malley Merab Dvalishvili
93%
Dricus Du Plessis Khamzat Chimaev
91%
Matt Hughes Georges St-Pierre
89%
Al Iaquinta Khabib Nurmagomedov
89%
Kamaru Usman Leon Edwards
89%
Alex Pereira Magomed Ankalaev
89%
Aljamain Sterling Sean O'Malley
89%
Anthony Johnson Daniel Cormier
88%
Sean Strickland Dricus Du Plessis
87%
Tyron Woodley Kamaru Usman
87%
Max Holloway Alexander Volkanovski
84%
Michael Chandler Charles Oliveira
84%
Stipe Miocic Francis Ngannou
83%
Charles Oliveira Islam Makhachev
83%
Glover Teixeira Jiri Prochazka / Jamahal Hill
81%
Joseph Benavidez Demetrious Johnson / Deiveson Figueiredo
69%
Rich Franklin Anderson Silva
61%
No matching quizzes found
Score Distribution
Percent of People with Each Score
Percentile by Number Answered
Your Score History
You have not taken this quiz since the last reset